000 00949nam0a22002531 4500
001 rc\4402902
005 20250612073033.0
021 _aRU
_b[63-10678]
035 _a(NLR Aleph) 008559932
090 _a8459280
_c8459280
100 _a20130416d1963 |||y0rusy50 ca
101 0 _arus
102 _aRU
105 _aa z |||||
200 1 _aНа передовой линии борьбы за коммунизм
_e(Из опыта работы первичной парт. организации кишиневского завода "Виброприбор")
210 _aКишинев
_cКартя молдовеняскэ
_d1963
215 _a51 с.
_cил.
_d20
606 _aПартийные организации и их работа на предприятии
_yКишинев
_2psbo
700 1 _aДовбыш
_bН.М.
801 0 _aRU
_bNLR
_gpsbo
801 1 _aRU
_bELAR
_2rusmarc
852 _aNLR
_j63-4/3582
942 _cBOOK
980 _aNB